[Event "IPCA Wch 20th"]
[Site "Torrevieja"]
[Date "2021.10.24"]
[Round "7"]
[White "Tsapalin, Sergey"]
[Black "Moya Albaladejo, Jose Antonio"]
[Result "1-0"]
[WhiteElo "1981"]
[BlackElo "1923"]
[PlyCount "111"]
[EventDate "2021.10.18"]
[EventType "swiss"]
[EventRounds "9"]
[EventCountry "ESP"]
[SourceTitle "EXT 2023"]
[Source "ChessBase"]
[SourceDate "2022.10.05"]
[SourceVersion "1"]
[SourceVersionDate "2022.10.05"]
[SourceQuality "1"]

1. c4 e5 2. g3 c6 3. d4 e4 4. d5 Bb4+ 5. Bd2 Qe7 6. Bxb4 Qxb4+ 7. Nc3 cxd5 8. cxd5 Nf6 9. Qd2 0-0 10. Bg2 Re8 11. Rc1 Na6 12. a3 Qb3 13. Qc2 Nc5 14. Qxb3 Nxb3 15. Rd1 a6 16. d6 b5 17. h4 Bb7 18. Nh3 Na5 19. Rd4 Nc4 20. Ng5 Nxb2 21. Ngxe4 Nxe4 22. Nxe4 Rac8 23. 0-0 Bxe4 24. Bxe4 Rc3 25. Bf5 Rd8 26. Rb1 Na4 27. Bxd7 Rxd7 28. Rxa4 Rxd6 29. Rxb5 g6 30. Rb8+ Kg7 31. Ra8 Rcc6 32. Ra7 h5 33. Kg2 Rb6 34. Rc4 Rb3 35. Rf4 Rf6 36. Rxf6 Kxf6 37. Rxa6+ Kf5 38. e3 f6 39. a4 Ra3 40. a5 Ra4 41. Kf3 Ra2 42. Ra8 Ke6 43. a6 Kf7 44. a7 Kg7 45. e4 Kh7 46. Ke3 Kg7 47. f3 Kh7 48. Kf4 Kg7 49. g4 Ra3 50. g5 fxg5+ 51. Kxg5 Ra5+ 52. Kf4 Ra3 53. e5 Ra4+ 54. Kg3 Ra3 55. e6 Ra4 56. e7 1-0

[Event "IPCA Wch 20th"]
[Site "Torrevieja"]
[Date "2021.10.19"]
[Round "2"]
[White "Moya Albaladejo, Jose Antonio"]
[Black "Valenta, Vit"]
[Result "1-0"]
[WhiteElo "1923"]
[BlackElo "2028"]
[PlyCount "95"]
[EventDate "2021.10.18"]
[EventType "swiss"]
[EventRounds "9"]
[EventCountry "ESP"]
[SourceTitle "EXT 2023"]
[Source "ChessBase"]
[SourceDate "2022.10.05"]
[SourceVersion "1"]
[SourceVersionDate "2022.10.05"]
[SourceQuality "1"]

1. e4 e5 2. Nf3 Nc6 3. Bc4 Be7 4. d4 d6 5. dxe5 dxe5 6. Qxd8+ Bxd8 7. Nc3 Nf6 8. Be3 Bg4 9. 0-0-0 a6 10. h3 Bh5 11. g4 Bg6 12. Nh4 Bxe4 13. Rhe1 Bg6 14. f4 exf4 15. Bc5+ Be7 16. Rxe7+ Nxe7 17. Re1 0-0-0 18. Bxe7 Rd4 19. Bb3 Ne4 20. Nxg6 hxg6 21. Nxe4 Re8 22. c3 Rd7 23. Bh4 Kb8 24. Nc5 Rxe1+ 25. Bxe1 Re7 26. Nd3 g5 27. Kd2 f6 28. Bf2 b6 29. Bd5 g6 30. Bf3 Rh7 31. Bg2 Kc8 32. Bd4 f5 33. Ne5 c5 34. Bg1 Rg7 35. Nf3 Rd7+ 36. Kc2 Re7 37. Bf1 Rb7 38. Bf2 fxg4 39. hxg4 Rh7 40. Bd3 Rh3 41. Bxg6 Kc7 42. Be4 Kd6 43. Kd2 a5 44. Ke2 Rh1 45. Bg1 Ke7 46. Kf2 Rh3 47. Nxg5 Re3 48. Bh2 1-0

[Event "Rutas de Cuenca op 6th"]
[Site "Cuenca"]
[Date "2019.07.20"]
[Round "5"]
[White "Villacorta Nicolas, David"]
[Black "Moya Albaladejo, Jose Antonio"]
[Result "1/2-1/2"]
[WhiteElo "2039"]
[BlackElo "1927"]
[PlyCount "77"]
[EventDate "2019.07.19"]
[EventType "swiss"]
[EventRounds "7"]
[EventCountry "ESP"]
[SourceTitle "CBM 195 Extra"]
[Source "ChessBase"]
[SourceDate "2020.05.31"]
[SourceVersion "1"]
[SourceVersionDate "2020.05.31"]
[SourceQuality "1"]

1. e4 e5 2. Nf3 Nc6 3. Bb5 a6 4. Ba4 Nf6 5. 0-0 Be7 6. Re1 b5 7. Bb3 0-0 8. d4 Nxd4 9. Nxd4 exd4 10. e5 Ne8 11. Qxd4 c5 12. Qe4 Rb8 13. c3 Bb7 14. Bd5 Bxd5 15. Qxd5 Nc7 16. Qd1 d6 17. Bf4 d5 18. Qf3 Ne6 19. Rd1 d4 20. cxd4 cxd4 21. Nd2 Qb6 22. Ne4 Rbd8 23. Rac1 Rc8 24. Bd2 Qb8 25. Qg3 Qb7 26. Qd3 Rxc1 27. Rxc1 Rc8 28. Rxc8+ Qxc8 29. f4 Qc4 30. Qxc4 bxc4 31. f5 Nc5 32. Nxc5 Bxc5 33. Kf1 Bb6 34. e6 fxe6 35. fxe6 Kf8 36. Bb4+ Ke8 37. Ke2 Bd8 38. Bc5 Bf6 39. Kd2 1/2-1/2

[Event "Benidorm op U2000 17th"]
[Site "Benidorm"]
[Date "2018.12.08"]
[Round "10"]
[White "Moya Albaladejo, Jose Antonio"]
[Black "Stanchev, Aleksandar"]
[Result "0-1"]
[WhiteElo "1953"]
[BlackElo "1896"]
[PlyCount "102"]
[EventDate "2018.11.30"]
[EventType "swiss"]
[EventRounds "10"]
[EventCountry "ESP"]
[SourceTitle "EXT 2022"]
[Source "ChessBase"]
[SourceDate "2021.10.06"]
[SourceVersion "1"]
[SourceVersionDate "2021.10.06"]
[SourceQuality "1"]

1. e4 e5 2. Nf3 Nc6 3. Bb5 a6 4. Ba4 Nf6 5. 0-0 b5 6. Bb3 Be7 7. d3 d6 8. a3 Bg4 9. Be3 0-0 10. Nc3 Nd4 11. Bxd4 exd4 12. Nd5 c5 13. h3 Be6 14. Nxf6+ Bxf6 15. Bxe6 fxe6 16. Qb1 Be5 17. Nxe5 dxe5 18. b4 Qe7 19. Qb3 Rfc8 20. Ra2 c4 21. dxc4 Rxc4 22. Qg3 Qc7 23. Qg4 Re8 24. Qh5 Rf8 25. Qg4 Qc6 26. f4 h5 27. Qxh5 Qxe4 28. Qxe5 Qxe5 29. fxe5 Rd8 30. a4 Rxb4 31. axb5 Rxb5 32. Rxa6 Rxe5 33. Ra7 Rf8 34. Rb1 Rf6 35. Rbb7 Re1+ 36. Kh2 Rg6 37. Ra8+ Kh7 38. Rbb8 Rf6 39. Ra4 e5 40. Rd8 Rc6 41. Re8 Rd6 42. Ra7 Re2 43. Kg1 Rg6 44. g4 Rb6 45. Rf7 Rb2 46. Rf2 Rbxc2 47. Rxe2 Rxe2 48. Kf1 Re3 49. Kg2 d3 50. h4 e4 51. Re6 d2 0-1

[Event "Xativa Murta op 4th"]
[Site "Xativa"]
[Date "2018.07.18"]
[Round "4"]
[White "Cruz Lledo, Pablo"]
[Black "Moya Albaladejo, Jose Antonio"]
[Result "1-0"]
[WhiteElo "2443"]
[BlackElo "1953"]
[PlyCount "81"]
[EventDate "2018.07.16"]
[EventType "swiss"]
[EventRounds "7"]
[EventCountry "ESP"]
[SourceTitle "CBM 185 Extra"]
[Source "ChessBase"]
[SourceDate "2018.07.29"]
[SourceVersion "1"]
[SourceVersionDate "2018.07.29"]
[SourceQuality "1"]

1. d4 Nf6 2. c4 e6 3. Nc3 Bb4 4. e3 0-0 5. Nge2 c6 6. a3 Ba5 7. b4 Bc7 8. e4 d5 9. e5 Nfd7 10. Nf4 a5 11. Rb1 axb4 12. axb4 Qe7 13. Bd3 dxc4 14. Bxc4 Nb6 15. Bd3 Nd5 16. Nfxd5 exd5 17. 0-0 Qh4 18. Be3 Bg4 19. Qc2 Bb6 20. f4 Nd7 21. Na4 Bc7 22. Nc5 Nxc5 23. bxc5 Ra7 24. f5 Rfa8 25. Rb2 Bd8 26. Rfb1 Bg5 27. Qd2 Bxe3+ 28. Qxe3 Qh5 29. Qf4 g6 30. fxg6 hxg6 31. Rxb7 Rxb7 32. Rxb7 Bf5 33. Bf1 Qd1 34. h3 Rf8 35. Kh2 Be4 36. e6 Qxd4 37. Rxf7 Qxc5 38. Qf6 Rxf7 39. Qxf7+ Kh8 40. e7 Qd6+ 41. g3 1-0

[Event "Almansa op-B 12th"]
[Site "Almansa"]
[Date "2017.08.01"]
[Round "1"]
[White "Moya Albaladejo, Jose Antonio"]
[Black "Martinez Soriano, Javier"]
[Result "1/2-1/2"]
[WhiteElo "1925"]
[BlackElo "1530"]
[PlyCount "55"]
[EventDate "2017.08.01"]
[EventType "swiss"]
[EventRounds "9"]
[EventCountry "ESP"]
[SourceTitle "EXT 2019"]
[Source "ChessBase"]
[SourceDate "2018.10.10"]
[SourceVersion "1"]
[SourceVersionDate "2018.10.10"]
[SourceQuality "1"]

1. e4 c5 2. Nf3 e6 3. g3 a6 4. Bg2 b5 5. 0-0 Bb7 6. Re1 d6 7. c3 Be7 8. a4 Nd7 9. d4 Ngf6 10. Nbd2 0-0 11. e5 dxe5 12. dxe5 Nd5 13. Qe2 c4 14. Nd4 Qb6 15. Qg4 Kh8 16. N2f3 Nc5 17. axb5 axb5 18. Rxa8 Bxa8 19. Bg5 Bxg5 20. Nxg5 h6 21. Qh5 Kg8 22. Ne4 Nd3 23. Ra1 Bb7 24. Nd6 b4 25. Nxc4 Qc5 26. Nd6 bxc3 27. bxc3 Qxc3 28. Rf1 1/2-1/2

[Event "Benidorm op U2000 15th"]
[Site "Benidorm"]
[Date "2016.12.06"]
[Round "6"]
[White "Bendriss, Hatim"]
[Black "Moya Albaladejo, Jose Antonio"]
[Result "1-0"]
[WhiteElo "1997"]
[BlackElo "1854"]
[PlyCount "58"]
[EventDate "2016.12.02"]
[EventType "swiss"]
[EventRounds "10"]
[EventCountry "ESP"]
[SourceTitle "EXT 2019"]
[Source "ChessBase"]
[SourceDate "2018.10.10"]
[SourceVersion "1"]
[SourceVersionDate "2018.10.10"]
[SourceQuality "1"]

1. e4 e5 2. Nf3 Nc6 3. Bb5 a6 4. Ba4 Nf6 5. 0-0 Be7 6. Re1 b5 7. Bb3 0-0 8. h3 Bb7 9. c3 d5 10. exd5 Nxd5 11. d3 Bf6 12. Bc2 Qd7 13. Nbd2 g6 14. Ne4 Be7 15. Bh6 Rfe8 16. Nfg5 f6 17. Nf3 Rad8 18. a3 Kh8 19. d4 exd4 20. cxd4 Nb6 21. Bb3 Nc4 22. Bxc4 bxc4 23. d5 Qxd5 24. Qxd5 Rxd5 25. Nxf6 Red8 26. Nxd5 Rxd5 27. Re4 Kg8 28. Rae1 Bf6 29. Ra1 Nb8 1-0

[Event "Benidorm op U2000 15th"]
[Site "Benidorm"]
[Date "2016.12.05"]
[Round "4"]
[White "Lloret Mauri, Jaime"]
[Black "Moya Albaladejo, Jose Antonio"]
[Result "0-1"]
[WhiteElo "1977"]
[BlackElo "1854"]
[PlyCount "112"]
[EventDate "2016.12.02"]
[EventType "swiss"]
[EventRounds "10"]
[EventCountry "ESP"]
[SourceTitle "EXT 2019"]
[Source "ChessBase"]
[SourceDate "2018.10.10"]
[SourceVersion "1"]
[SourceVersionDate "2018.10.10"]
[SourceQuality "1"]

1. e4 e5 2. Nf3 Nc6 3. Bc4 Bc5 4. c3 Nf6 5. d3 a6 6. a4 Ba7 7. 0-0 0-0 8. Re1 d6 9. d4 exd4 10. Nxd4 h6 11. Nxc6 bxc6 12. Be3 Bxe3 13. Rxe3 Re8 14. Nd2 d5 15. Bd3 c5 16. exd5 Rxe3 17. fxe3 Qxd5 18. Qf3 Rb8 19. e4 Qg5 20. Nc4 Be6 21. Qe2 Nh5 22. Rb1 Nf4 23. Qf3 Nxd3 24. Qxd3 Rd8 25. Qe2 Bxc4 26. Qxc4 Rd2 27. Qf1 Qe3+ 28. Kh1 Qxe4 29. Re1 Qxa4 30. Qf5 Qd7 31. Qxc5 Rxb2 32. h3 Rb5 33. Qa7 Qc6 34. Qd4 Rg5 35. Qd8+ Kh7 36. Qd3+ g6 37. Qd2 Rg3 38. Re3 Rxe3 39. Qxe3 Qc4 40. Qe5 c5 41. Qc7 h5 42. Qa5 Kg7 43. Kg1 Qb5 44. Qa1 c4 45. Kf2 a5 46. Ke3 a4 47. Kd4 Qc6 48. Qa2 Qd6+ 49. Ke4 f6 50. Qxc4 a3 51. Qb3 Qa6 52. Qa2 Qb7+ 53. Kd4 Qb2 54. Qe6 Qd2+ 55. Kc5 Qxc3+ 56. Kd6 Qe5+ 0-1

[Event "La Roda op 42nd"]
[Site "La Roda"]
[Date "2015.04.04"]
[Round "6"]
[White "Moya Albaladejo, Jose Antonio"]
[Black "Aquino, Jose Rodolfo"]
[Result "0-1"]
[WhiteElo "1909"]
[BlackElo "2215"]
[PlyCount "34"]
[EventDate "2015.04.01"]
[EventType "swiss"]
[EventRounds "9"]
[EventCountry "ESP"]
[SourceTitle "CBM 165 Extra"]
[Source "ChessBase"]
[SourceDate "2015.04.21"]
[SourceVersion "1"]
[SourceVersionDate "2015.04.21"]
[SourceQuality "1"]

1. e4 e6 2. d4 d5 3. Nc3 Nf6 4. e5 Nfd7 5. f4 f5 6. Nf3 Be7 7. Be3 c5 8. Qd2 Nc6 9. 0-0-0 a6 10. h3 b5 11. g4 Qa5 12. gxf5 b4 13. fxe6 Nb6 14. Nb1 c4 15. c3 Qxa2 16. f5 Na5 17. Qg2 Na4 0-1

[Event "La Roda op 42nd"]
[Site "La Roda"]
[Date "2015.04.02"]
[Round "3"]
[White "Moya Albaladejo, Jose Antonio"]
[Black "Bolos Gimeno, Domingo"]
[Result "1-0"]
[WhiteElo "1909"]
[BlackElo "1614"]
[PlyCount "65"]
[EventDate "2015.04.01"]
[EventType "swiss"]
[EventRounds "9"]
[EventCountry "ESP"]
[SourceTitle "CBM 165 Extra"]
[Source "ChessBase"]
[SourceDate "2015.04.21"]
[SourceVersion "1"]
[SourceVersionDate "2015.04.21"]
[SourceQuality "1"]

1. d4 Nf6 2. Nf3 b6 3. g3 Bb7 4. Bg2 g6 5. 0-0 Bg7 6. c4 d6 7. Nc3 0-0 8. Re1 Nbd7 9. e4 e5 10. d5 h6 11. h3 a6 12. Be3 Nc5 13. Nd2 Bc8 14. Qc2 Nh7 15. b4 Nb7 16. Nb3 f5 17. exf5 gxf5 18. f4 Qf6 19. Rac1 Bd7 20. c5 bxc5 21. bxc5 Nd8 22. Qf2 Kh8 23. Kh2 Rg8 24. fxe5 dxe5 25. d6 c6 26. Na4 Ra7 27. Nb6 Qe6 28. Bf1 Ng5 29. Bxg5 hxg5 30. Bc4 Qh6 31. Bxg8 f4 32. Nxd7 Rxd7 33. Bc4 1-0

[Event "La Roda op 42nd"]
[Site "La Roda"]
[Date "2015.04.02"]
[Round "2"]
[White "Rodriguez Sanz, Gabriel"]
[Black "Moya Albaladejo, Jose Antonio"]
[Result "1/2-1/2"]
[WhiteElo "1646"]
[BlackElo "1909"]
[PlyCount "69"]
[EventDate "2015.04.01"]
[EventType "swiss"]
[EventRounds "9"]
[EventCountry "ESP"]
[SourceTitle "CBM 165 Extra"]
[Source "ChessBase"]
[SourceDate "2015.04.21"]
[SourceVersion "1"]
[SourceVersionDate "2015.04.21"]
[SourceQuality "1"]

1. d4 d5 2. Nf3 Nf6 3. e3 g6 4. Nbd2 Bg7 5. Bd3 0-0 6. 0-0 c5 7. b3 b6 8. Bb2 Bb7 9. Ne5 Nc6 10. Nxc6 Bxc6 11. Rc1 Nd7 12. c4 cxd4 13. exd4 Nc5 14. dxc5 Bxb2 15. Rc2 dxc4 16. Bxc4 Bd4 17. cxb6 Qxb6 18. Qe2 Qb7 19. Nf3 Bf6 20. Rd1 Rad8 21. Rcd2 e6 22. Rxd8 Rxd8 23. Rxd8+ Bxd8 24. Ne5 Bxg2 25. Qd3 Be7 26. Qe3 Bh1 27. f3 Bd6 28. Kxh1 Bxe5 29. Qxe5 Qxf3+ 30. Kg1 Qg4+ 31. Kf2 Qh4+ 32. Qg3 Qd4+ 33. Kg2 h5 34. Qf2 Qg4+ 35. Qg3 1/2-1/2

[Event "Benidorm op U2000 09th"]
[Site "Benidorm"]
[Date "2010.12.07"]
[Round "6"]
[White "Rubio Tent, Francisco"]
[Black "Moya Albaladejo, Jose Antonio"]
[Result "1/2-1/2"]
[WhiteElo "1980"]
[BlackElo "1929"]
[PlyCount "69"]
[EventDate "2010.12.03"]
[EventType "swiss"]
[EventRounds "10"]
[EventCountry "ESP"]
[SourceTitle "CBM 139 Extra"]
[Source "ChessBase"]
[SourceDate "2011.01.05"]
[SourceVersion "1"]
[SourceVersionDate "2011.01.05"]
[SourceQuality "1"]

1. e4 Nf6 2. e5 Nd5 3. d4 d6 4. c4 Nb6 5. exd6 exd6 6. Nc3 Be7 7. Bd3 0-0 8. h3 Nc6 9. Nf3 Bf6 10. Be3 d5 11. cxd5 Nxd5 12. 0-0 Ncb4 13. Bb1 Re8 14. Re1 g6 15. a3 Nc6 16. Nxd5 Qxd5 17. Ba2 Qd6 18. Qb3 Rf8 19. Bh6 Bg7 20. Bxg7 Kxg7 21. Qc3 b6 22. Rad1 Ne7 23. Ne5 Bb7 24. Ng4 Nd5 25. Bxd5 Qxd5 26. Ne3 Qd6 27. d5+ f6 28. Rc1 Rac8 29. Qd4 Rfd8 30. Rcd1 Qf8 31. Qg4 f5 32. Qh4 Qf6 33. Nxf5+ Qxf5 34. Re7+ Kf8 35. Rxh7 1/2-1/2

[Event "Albacete op 18th"]
[Site "Albacete"]
[Date "2010.09.17"]
[Round "7"]
[White "Moya Albaladejo, Jose Antonio"]
[Black "Martinez Peiro, Gabriel"]
[Result "0-1"]
[WhiteElo "1952"]
[BlackElo "2051"]
[PlyCount "74"]
[EventDate "2010.09.14"]
[EventType "swiss"]
[EventRounds "9"]
[EventCountry "ESP"]
[SourceTitle "CBM 138 Extra"]
[Source "ChessBase"]
[SourceDate "2010.10.29"]
[SourceVersion "1"]
[SourceVersionDate "2010.10.29"]
[SourceQuality "1"]

1. e4 c6 2. d4 d5 3. Nc3 dxe4 4. Nxe4 Bf5 5. Ng3 Bg6 6. h4 h6 7. Nf3 Nd7 8. h5 Bh7 9. Bd3 Bxd3 10. Qxd3 Qa5+ 11. Bd2 Qb6 12. 0-0-0 0-0-0 13. Ne4 e5 14. Bc3 f5 15. dxe5 fxe4 16. Qxe4 Ne7 17. Qe1 Qa6 18. e6 Nb6 19. Rxd8+ Kxd8 20. Ne5 Kc8 21. Nf7 Rg8 22. Nd6+ Kb8 23. Qe5 Ka8 24. Ne8 Ned5 25. Nc7+ Nxc7 26. Qxc7 Bc5 27. Qf7 Rc8 28. Kb1 Nd5 29. Bxg7 Qc4 30. Qd7 Nb6 31. Qf7 Nd5 32. Bxh6 Nb4 33. Qd7 Rg8 34. Rh3 Qxc2+ 35. Ka1 Qe4 36. Qd2 Nc2+ 37. Kb1 Na3+ 0-1

[Event "ESP-ch 74th"]
[Site "Palma de Mallorca"]
[Date "2009.09.30"]
[Round "5"]
[White "Moya Albaladejo, Jose Antonio"]
[Black "Inigo Munoz, Javier"]
[Result "0-1"]
[WhiteElo "1959"]
[BlackElo "2167"]
[PlyCount "30"]
[EventDate "2009.09.26"]
[EventType "swiss"]
[EventRounds "9"]
[EventCountry "ESP"]
[SourceTitle "CBM 132 Extra"]
[Source "ChessBase"]
[SourceDate "2009.11.03"]
[SourceVersion "1"]
[SourceVersionDate "2009.11.03"]
[SourceQuality "1"]

1. e4 e6 2. d4 d5 3. Nc3 Bb4 4. e5 c5 5. a3 Bxc3+ 6. bxc3 Qc7 7. Qg4 f6 8. Bb5+ Kf8 9. exf6 Nxf6 10. Qg3 Qxg3 11. hxg3 c4 12. Rb1 a6 13. Ba4 b5 14. Bf4 Ke7 15. Nf3 Nc6 0-1

[Event "ESP-ch 74th"]
[Site "Palma de Mallorca"]
[Date "2009.09.29"]
[Round "4"]
[White "Camacho Collados, Marcos"]
[Black "Moya Albaladejo, Jose Antonio"]
[Result "1-0"]
[WhiteElo "2231"]
[BlackElo "1959"]
[PlyCount "75"]
[EventDate "2009.09.26"]
[EventType "swiss"]
[EventRounds "9"]
[EventCountry "ESP"]
[SourceTitle "CBM 132 Extra"]
[Source "ChessBase"]
[SourceDate "2009.11.03"]
[SourceVersion "1"]
[SourceVersionDate "2009.11.03"]
[SourceQuality "1"]

1. e4 c5 2. Nf3 d6 3. d4 cxd4 4. Nxd4 Nf6 5. Nc3 a6 6. Be2 e5 7. Nb3 Be7 8. 0-0 0-0 9. Re1 Be6 10. Bf1 Nbd7 11. Nd5 Nxd5 12. exd5 Bf5 13. a4 Bg6 14. a5 f5 15. f4 Nf6 16. c4 Ne4 17. Bd3 Bf6 18. g4 Bh4 19. Bxe4 Bxe1 20. gxf5 Qh4 21. Be3 exf4 22. Bd4 Bh5 23. Qxe1 Qg4+ 24. Kh1 f3 25. Qg3 Rae8 26. Nd2 Qxg3 27. hxg3 f2 28. Kg2 Bg4 29. f6 gxf6 30. Bxf2 f5 31. Bf3 h5 32. Re1 Kf7 33. Rxe8 Rxe8 34. b4 Ke7 35. c5 Kd7 36. c6+ Kc7 37. Bb6+ Kc8 38. Nc4 1-0

[Event "Albacete op 15th"]
[Site "Albacete"]
[Date "2007.09.04"]
[Round "5"]
[White "Khamrakulov, Djurabek"]
[Black "Moya Albaladejo, Jose Antonio"]
[Result "1-0"]
[WhiteElo "2322"]
[BlackElo "1976"]
[PlyCount "81"]
[EventDate "2007.09.02"]
[EventType "swiss"]
[EventRounds "9"]
[EventCountry "ESP"]
[SourceTitle "CBM 120 Extra"]
[Source "ChessBase"]
[SourceDate "2007.11.01"]
[SourceVersion "1"]
[SourceVersionDate "2007.11.01"]
[SourceQuality "1"]

1. e4 Nf6 2. Nc3 d5 3. exd5 Nxd5 4. Nf3 Nxc3 5. bxc3 g6 6. Bc4 Bg7 7. 0-0 0-0 8. Re1 c5 9. Ba3 Qa5 10. Qc1 Qc7 11. Qb2 b6 12. Bd5 Bb7 13. Bxb7 Qxb7 14. Bxc5 Nc6 15. a4 Qc7 16. Bb4 Rfe8 17. d4 Rac8 18. Re3 e6 19. Rae1 Red8 20. h3 Bh6 21. Rd3 Nxb4 22. Qxb4 Qc4 23. Qb3 Bg7 24. Ne5 Bxe5 25. Rxe5 Rd5 26. Rxd5 Qxd5 27. Kf1 Rc4 28. Qb5 Qc6 29. Qxc6 Rxc6 30. Re3 Rc4 31. a5 bxa5 32. Ke2 Rc6 33. Kd3 Kf8 34. c4 Ke7 35. c5 Rc8 36. Kc4 Kd7 37. Ra3 Kc6 38. Rxa5 Ra8 39. Ra6+ Kb7 40. Kb5 Kc7 41. c6 1-0

[Event "Benidorm sim"]
[Site "Benidorm"]
[Date "2007.??.??"]
[Round "?"]
[White "Anand, Viswanathan"]
[Black "Moya Albaladejo, Jose Antonio"]
[Result "1-0"]
[WhiteElo "2801"]
[BlackElo "1975"]
[PlyCount "47"]
[EventDate "2007.11.??"]
[EventType "simul"]
[EventRounds "1"]
[EventCountry "ESP"]
[SourceTitle "EXT 2010"]
[Source "ChessBase"]
[SourceDate "2010.11.25"]
[SourceVersion "1"]
[SourceVersionDate "2010.11.25"]
[SourceQuality "1"]

1. d4 d5 2. c4 Nc6 3. Nc3 Nf6 4. Nf3 dxc4 5. e4 Bg4 6. Be3 e6 7. Bxc4 Bb4 8. Qd3 0-0 9. Nd2 Qe7 10. a3 Bxc3 11. Qxc3 Nd7 12. f3 Bh5 13. Bb5 Ndb8 14. 0-0 a6 15. Ba4 Rd8 16. Rfd1 Na7 17. Rac1 c6 18. Bb3 Nb5 19. Qc5 Qxc5 20. dxc5 Nd7 21. Nc4 Nf6 22. a4 Nc7 23. Bf4 Nce8 24. Nb6 1-0